Nhạc khí của tộc người H'rê ở Quảng Ngãi
Trình bày khái quát chung về địa lý - tự nhiên và văn hoá dân gian của tộc người H'rê ở Quảng Ngãi. Tìm hiểu nhạc khí của tộc người H'rê, các giá trị văn hoá, nghệ thuật và đề ra một số phương hướng bảo tồn, phát huy nhạc khí H'rê...
সংরক্ষণ করুন:
| প্রধান লেখক: | |
|---|---|
| বিন্যাস: | গ্রন্থ |
| ভাষা: | Vietnamese |
| প্রকাশিত: |
H.
Văn hoá Thông tin
2011
|
| বিষয়গুলি: | |
| ট্যাগগুলো: |
ট্যাগ যুক্ত করুন
কোনো ট্যাগ নেই, প্রথমজন হিসাবে ট্যাগ করুন!
|
| Thư viện lưu trữ: | Mạng thư viện Đại học Đà Nẵng |
|---|
| LEADER | 01647aam a22003858a 4500 | ||
|---|---|---|---|
| 001 | 000015959 | ||
| 003 | 12347 | ||
| 005 | 20120606160653.0 | ||
| 008 | 120606s2011 viesd | ||
| 020 | |a 9786045000595 |d 2000b | ||
| 041 | 0 | |a vie | |
| 082 | 1 | 4 | |2 14 |a 784.1959753 |b NG-T |
| 100 | 1 | |a Nguyễn Thế Truyền | |
| 245 | 1 | 0 | |a Nhạc khí của tộc người H'rê ở Quảng Ngãi |c Nguyễn Thế Truyền |
| 260 | |a H. |b Văn hoá Thông tin |c 2011 | ||
| 300 | |a 175tr. |b minh hoạ |c 21cm | ||
| 500 | |a ĐTTS ghi: Hội Văn nghệ Dân gian Việt Nam | ||
| 504 | |a Phụ lục: tr. 135-167. - Thư mục: tr. 170-174 | ||
| 520 | |a Trình bày khái quát chung về địa lý - tự nhiên và văn hoá dân gian của tộc người H'rê ở Quảng Ngãi. Tìm hiểu nhạc khí của tộc người H'rê, các giá trị văn hoá, nghệ thuật và đề ra một số phương hướng bảo tồn, phát huy nhạc khí H'rê | ||
| 600 | |1 7 | ||
| 650 | 7 | |2 Bộ TK TVQG |a Nhạc cụ | |
| 650 | 7 | |2 Bộ TK TVQG |a Dân tộc Hrê | |
| 650 | 7 | |2 Bộ TK TVQG |a Nhạc cụ dân tộc | |
| 651 | 7 | |2 Bộ TK TVQG |a Quảng Ngãi | |
| 653 | |a Nhạc khí | ||
| OWN | |a LSP | ||
| AVA | |a UDN50 |b LSP |d 784.1959753 NG-T |e available |t Error 5001 Not defined in file expand_doc_bib_avail. |f 1 |g 0 |h N |i 0 |k 1 | ||
| 999 | |a From the UDN01 | ||
| AVA | |a UDN50 |b LSP |d 784.1959753 NG-T |e available |t Error 5001 Not defined in file expand_doc_bib_avail. |f 1 |g 0 |h N |i 0 |k 1 | ||
| TYP | |a Monograph | ||
| TYP | |a Printed language | ||
| 980 | |a Mạng thư viện Đại học Đà Nẵng | ||


